000 00214nam a2200097Ia 4500
005 20251222154311.0
008 251222s9999||||xx |||||||||||||| ||spa||
082 _a722.7/C73/T.2
245 0 _aArte: Rama
942 _cLIB
999 _c33385
_d33385